Hacia una crítica literaria latinoamericana: nacionalismo y cultura en el discurso de Beatriz Sarlo
שמור ב:
| מחבר ראשי: | |
|---|---|
| פורמט: | לא ידוע |
| יצא לאור: |
Venezuela:
Universidad Simón Bolivar,
|
| נושאים: | |
| תגים: |
הוספת תג
אין תגיות, היה/י הראשונ/ה לתייג את הרשומה!
|
MARC
| LEADER | 000000000a22000000004500 | ||
|---|---|---|---|
| 001 | 000026 | ||
| 022 | |a 0798-958-X | ||
| 100 | 1 | |a D'Allemand, Patricia | |
| 245 | 1 | 0 | |a Hacia una crítica literaria latinoamericana: nacionalismo y cultura en el discurso de Beatriz Sarlo |
| 260 | |a Venezuela: |b Universidad Simón Bolivar, | ||
| 310 | |a semestral | ||
| 650 | 4 | |a LATINOAMERICA | |
| 650 | 4 | |a CULTURA LATINOAMERICANA | |
| 650 | 4 | |a POLITICA | |
| 650 | 4 | |a MODERNIDAD LITERARIA | |
| 650 | 4 | |a IDENTIDAD | |
| 773 | 0 | |t Estudios: Revista de Investigaciones Literarias | |
| 773 | 0 | |g 1 | |
| 773 | 0 | |g 2 | |
| 773 | 0 | |g 1993 | |
| 773 | 0 | |g 27-40 páginas | |
| 999 | |c 776 |d 776 | ||
